00641nam a22001817a 4500999001500000003000600015005001700021008004100038020001800079040000800097082001600105100003500121245009600156300001200252650005700264942001500321952012300336 c9495d9495GBCCL20241126110713.0230214b ||||| |||| 00| 0 eng d a9789389998153 cgbc a228.07bSUN aSunder, L Shanthakumari916546 aRevelation made easy : ba commentary on the book of Reveletion in a lay person's language  a396p. ; aBiblevNew Testament xRevelationxcommentary916547 2ddccBK01 00102ddc4070aGBCbGBCcBSd2023-02-14l1o228.07 SUNp015969r2025-05-01 00:00:00s2024-01-27tc.1w2023-02-14yBK